000 00982nab a22002057a 4500
999 _c6077
_d6077
003 OSt
005 20260121181920.0
008 190502c xxu||||| |||| 00| 0 spa d
040 _cPJ
100 _96852
_aTraversone, Juan Franco
245 1 _aDebate sobre la garantía de doble conforme en el sistema judicial argentino /
_cJuan Franco Traversone.
260 _aCiudad Autónoma de Buenos Aires :
_bThomson Reuters La Ley,
_c2024.
300 _ap. 42-50
505 _aAnálisis jurisprudencial del procesamiento con enfoque en el doble conforme: evaluación a partir del precedente “Diez” y el reciente fallo “Juárez” de la CSJN.
505 _t¿Te interesa el texto completo? Solicitalo al correo: koha@justierradelfuego.gov.ar
650 0 _9343
_aDERECHO PENAL
650 0 _9699
_aFALLOS DE LA CORTE SUPREMA
773 0 _02729
_93180
_dBuenos Aires : LexisNexis, 2006-
_tRevista de derecho penal y procesal penal. Nº 3 - Marzo 2024
_z9875920622
942 _2udc
_cANA